| 000 | 00477nam a22001697a 4500 | ||
|---|---|---|---|
| 005 | 20251108172539.0 | ||
| 008 | 250721s9999 xx 000 0 ara d | ||
| 082 | 1 | 4 | _a920.71063/باش |
| 100 | 1 |
_aباشري، محجوب عمر _eمؤلف |
|
| 245 | 1 | 0 | _aرواد الفكر السوداني / |
| 264 | 1 |
_aبيروت : _bدار الجيل، |
|
| 300 | _a398 ص. | ||
| 650 | 1 | 7 | _aتاريخ السودان |
| 650 | 1 | 7 | _aالتراجم |
| 942 |
_2ddc _cBK |
||
| 999 |
_c82206 _d82206 |
||